000 01492nam a2200397 c 4500
999 _c145439
_d145439
003 BLK
005 20250606171413.0
008 180410b bul|||||r ||||||| ||bul||
010 _aKNG00151612000
020 _a978-954-8999-11-3
040 _aBLK
041 _aBUL
_cBUL
072 7 _2bullib
_aН85
_xДетска художествена литература Н
080 _aАнглийска литература
_b821.111
_x-93-34
_z821.111-93-34
100 1 _aРепчук, Каролин
_eпърви автор
_9115938
139 _aРепчук, Каролин
_bР 53
245 1 0 _aМалкото северно еленче
_cКаролин Репчук; ил. Стефани Боуи; прев. от англ. Делян Илиев.
257 _aGBR
260 _bАтеа Букс
_c2010
_fСофия : ПК Д. Благоев
300 _a24 с.
_bс ил.
_c21Х21 см
380 _aDX
500 _aОриг. загл. The Little Reindeer / Caroline Repchuk.
653 _aприказки
653 _aдетска литература
653 _aлитература за деца
659 _aН
700 1 _aБоуи, Стефани
_eил.
_9328716
700 1 _aИлиев, Делян
_eпрев. от англ.
_9375147
852 _aЦб 265289
856 4 _qpdf
856 4 _qpdf
942 _cKNG
_n0
_034
944 _aCR
_c09.10.2013
_lГрета Цуфелде
_k30537
944 _aED
_c22.05.2014
_lф /
999 _d145439